000 00684cam a2200181 4500500
005 20251012025125.0
041 _afre
042 _adc
100 1 0 _aKlinke, Leo
_eauthor
700 1 0 _a Calenborn B.Sc., Lisa
_eauthor
700 1 0 _a Bödecker M.A., Steve
_eauthor
700 1 0 _a Rücker, Julia
_eauthor
245 0 0 _aUnveiling Vetera castra: First Evidence of Urban Structures at the Gates of Vetera castra through Multi-Method Archaeological Prospection
260 _c2025.
500 _a1
786 0 _nArcheoSciences | 49-1 | 1 | 2025-08-26 | p. 193-195 | 1960-1360
856 4 1 _uhttps://shs.cairn.info/revue-archeosciences-2025-1-page-193?lang=en&redirect-ssocas=7080
999 _c1544651
_d1544651